[Event "GRE-chT U16 9th"]
[Site "Thessaloniki"]
[Date "2016.12.15"]
[Round "1.3"]
[White "Papidakis, Georgios"]
[Black "Gavriilidis, Orestis"]
[Result "0-1"]
[WhiteElo "1559"]
[BlackElo "1498"]
[PlyCount "76"]
[EventDate "2016.12.15"]
[EventType "team-swiss"]
[EventRounds "6"]
[EventCountry "GRE"]
[SourceTitle "CBM 176 Extra"]
[Source "ChessBase"]
[SourceDate "2017.03.02"]
[SourceVersion "1"]
[SourceVersionDate "2017.03.02"]
[SourceQuality "1"]
[WhiteTeam "OFI"]
[BlackTeam "Kalamarias Han"]
[WhiteTeamCountry "GRE"]
[BlackTeamCountry "GRE"]

1. d4 Nf6 2. Nf3 g6 3. Bg5 Bg7 4. e3 0-0 5. Nbd2 d6 6. Be2 h6 7. Bh4 c6 8. 0-0 Nbd7 9. c3 Qc7 10. b4 e5 11. a4 Re8 12. Qb3 Nb6 13. Rfc1 Be6 14. Qb2 Nbd7 15. c4 Bf5 16. Bf1 g5 17. Bg3 Nh5 18. e4 Nxg3 19. hxg3 Bg6 20. d5 Rac8 21. g4 Nf6 22. dxc6 bxc6 23. Bd3 Nxg4 24. Ra3 Rb8 25. Rb3 Rec8 26. c5 d5 27. Ba6 Rd8 28. Re1 dxe4 29. Nxe4 Bxe4 30. Rxe4 f5 31. Re1 e4 32. Qa2 exf3 33. Rxf3+ Kh8 34. Rh3 Qf4 35. Rf1 Rd2 36. Qe6 Rxf2 37. Qxc6 Rxf1+ 38. Bxf1 Qf2+ 0-1

[Event "GRE-ch U12"]
[Site "Porto Rio"]
[Date "2016.07.02"]
[Round "7"]
[White "Gavriilidis, Orestis"]
[Black "Stefanopoulos, Andreas"]
[Result "1-0"]
[WhiteElo "1303"]
[BlackElo "1037"]
[PlyCount "67"]
[EventDate "2016.06.28"]
[EventType "swiss"]
[EventRounds "9"]
[EventCountry "GRE"]
[SourceTitle "CBM 173 Extra"]
[Source "ChessBase"]
[SourceDate "2016.08.29"]
[SourceVersion "1"]
[SourceVersionDate "2016.08.29"]
[SourceQuality "1"]

1. Nf3 Nf6 2. c4 Nc6 3. d4 d5 4. Nc3 e6 5. e3 Be7 6. Bd2 0-0 7. Be2 b6 8. 0-0 Bb7 9. a3 a5 10. Rc1 Na7 11. cxd5 Nxd5 12. Ne5 Bd6 13. Nc4 Rc8 14. Bf3 c6 15. e4 Nxc3 16. Rxc3 Be7 17. Be3 Ba6 18. Be2 b5 19. Ne5 f6 20. Nf3 Qd7 21. Rc2 Qb7 22. Qd2 Rfd8 23. Qxa5 Kf7 24. a4 Kg8 25. Ra1 c5 26. dxc5 Qxe4 27. Rcc1 Qd5 28. Qxa6 Rc7 29. Rd1 Qa8 30. Qxe6+ Kf8 31. Rxd8+ Qxd8 32. Rd1 Qe8 33. axb5 Nxb5 34. Bc4 1-0

[Event "GRE-ch U12"]
[Site "Porto Rio"]
[Date "2016.07.01"]
[Round "6"]
[White "Tsarsitalidis, Konstantinos"]
[Black "Gavriilidis, Orestis"]
[Result "1-0"]
[WhiteElo "1506"]
[BlackElo "1303"]
[PlyCount "141"]
[EventDate "2016.06.28"]
[EventType "swiss"]
[EventRounds "9"]
[EventCountry "GRE"]
[SourceTitle "CBM 173 Extra"]
[Source "ChessBase"]
[SourceDate "2016.08.29"]
[SourceVersion "1"]
[SourceVersionDate "2016.08.29"]
[SourceQuality "1"]

1. e4 g6 2. d4 Bg7 3. Nc3 d6 4. Be3 a6 5. Qd2 b5 6. 0-0-0 Nd7 7. f3 Bb7 8. g4 h6 9. h4 Rc8 10. h5 g5 11. Nce2 c5 12. Ng3 Bxd4 13. Bxd4 cxd4 14. Qxd4 Ngf6 15. Nf5 Qc7 16. c3 Qc5 17. Ne2 Ne5 18. Bg2 Qxd4 19. Nexd4 Kd7 20. Nxe7 Kxe7 21. Nf5+ Kf8 22. Rxd6 Rc6 23. Rd8+ Ne8 24. Rhd1 Re6 25. Rb8 Bc6 26. Rdd8 Nd7 27. Rbc8 Ne5 28. Nd4 Bd7 29. Nxe6+ fxe6 30. Ra8 Ke7 31. Rdb8 Nd3+ 32. Kd2 Nxb2 33. Rxa6 Nc4+ 34. Ke2 Rf8 35. Ra7 Nf6 36. Rxb5 Rc8 37. Rb1 Ne5 38. Rc1 Nc6 39. Rb7 Ra8 40. Rb2 Ra3 41. Rcc2 e5 42. Kd2 Ne8 43. Bf1 Nd6 44. Rb3 Ra5 45. Rb6 Kd8 46. Ke1 Kc7 47. Rb1 Be6 48. Ra1 Ra3 49. Kd2 Na5 50. Ke1 Nc6 51. Be2 Bf7 52. Kf2 Be6 53. Ke1 Bf7 54. Kd2 Na5 55. Ke1 Nc6 56. Rcc1 Rxa2 57. Rxa2 Bxa2 58. c4 Nb7 59. Ra1 Bb3 60. Ra3 Nc5 61. Kd2 Kb6 62. Ra1 Kb7 63. Rb1 Kc7 64. Ra1 Kb7 65. Ra3 Nd4 66. Ra5 Kb6 67. Ra8 Nxe2 68. Kxe2 Bxc4+ 69. Ke3 Ne6 70. Rh8 Kc7 71. Rxh6 1-0

[Event "GRE-ch U10"]
[Site "Rio Achaia"]
[Date "2015.06.29"]
[Round "5.2"]
[White "Krallis, Christos"]
[Black "Gavriilidis, Orestis"]
[Result "1-0"]
[WhiteElo "1836"]
[BlackElo "1209"]
[PlyCount "193"]
[EventDate "2015.06.26"]
[EventType "swiss"]
[EventRounds "9"]
[EventCountry "GRE"]
[SourceTitle "EXT 2024"]
[Source "ChessBase"]
[SourceDate "2023.10.10"]
[SourceVersion "1"]
[SourceVersionDate "2023.10.10"]
[SourceQuality "1"]

1. b3 e5 2. Bb2 d6 3. e3 Nc6 4. Ne2 Bg4 5. h3 Bd7 6. d4 Nge7 7. d5 Nb8 8. c4 c6 9. Nbc3 cxd5 10. cxd5 Nc8 11. e4 Be7 12. g3 a5 13. Bg2 Na6 14. 0-0 b5 15. f4 f6 16. g4 h6 17. Ng3 g6 18. Qf3 Rf8 19. Nce2 Ra7 20. Rf2 Rc7 21. Raf1 Rc2 22. Ba1 Qb6 23. Kh2 Kd8 24. Nc3 Rxf2 25. Qxf2 Qxf2 26. Rxf2 Nc5 27. Bf1 Na7 28. Nd1 Kc7 29. Bc3 Kb6 30. Bd2 a4 31. bxa4 Nxa4 32. fxe5 fxe5 33. Bxh6 Rh8 34. g5 Rh7 35. h4 b4 36. Bh3 Bxh3 37. Kxh3 Nb5 38. Kg4 Nbc3 39. Ne3 Nc5 40. Nc4+ Kb5 41. Nd2 Nxa2 42. h5 gxh5+ 43. Kxh5 Bxg5 44. Kxg5 Nc3 45. Kg6 Rd7 46. Be3 Nd3 47. Rf7 Rd8 48. Kf6 Nc5 49. Ke7 Rd7+ 50. Ke8 Rxf7 51. Kxf7 Nd3 52. Ke6 Nc1 53. Kxd6 b3 54. Kxe5 b2 55. d6 Nb3 56. Ngf1 Kc6 57. Bd4 Nxd2 58. Nxd2 Nxe4 59. Kxe4 Kxd6 60. Bxb2 Kc6 61. Ke5 Kb5 62. Kd5 Kb6 63. Ne4 Kb7 64. Kd6 Ka8 65. Kc7 Ka7 66. Nd6 Ka6 67. Bd4 Ka5 68. Kc6 Kb4 69. Kd5 Kb3 70. Ke4 Kb4 71. Bb6 Kc3 72. Ke3 Kb4 73. Kd4 Kb3 74. Bc5 Ka4 75. Nc4 Kb5 76. Kd5 Ka4 77. Nd6 Ka5 78. Kc6 Ka4 79. Bb6 Kb4 80. Kd5 Kc3 81. Ke4 Kd2 82. Kf3 Ke1 83. Ne4 Kf1 84. Be3 Ke1 85. Bf2+ Kd1 86. Ke3 Kc2 87. Be1 Kb3 88. Kd3 Ka4 89. Kc4 Ka3 90. Bc3 Ka2 91. Kb4 Kb1 92. Kb3 Kc1 93. Nf2 Kb1 94. Bd2 Ka1 95. Kc2 Ka2 96. Bb4 Ka1 97. Nd3 1-0